Phoenix Wright: Ace Attorney Trilogy Every Character Quiz - Statistics

General Stats
  • This quiz has been taken 1,537 times
    1,489 since last reset
  • The average score is 115 of 143
Answer Stats
Episode Character Role % Correct
Mia Fey Playable Character | Sidekick | Victim
99%
Bridge to the Turnabout | Farewell, My Turnabout | Recipe for Turnabout | +9 others Phoenix Wright Defendant | Playable Character
99%
April May Witness
98%
Miles Edgeworth Defendant | Playable Character | Prosecutor
98%
Dick Gumshoe Detective
97%
Maya Fey Defendant | Sidekick | Sidekick / Playable Character
97%
Larry Butz Defendant | Other | Witness
96%
Larry Butz / Laurice Deauxnim Witness
96%
Franziska von Karma Other | Prosecutor
94%
Manfred von Karma Prosecutor / Killer
94%
Winston Payne Prosecutor
93%
Redd White Witness / Killer
92%
Gregory Edgeworth Another Victim
91%
Pearl Fey Other
91%
Pearl Fey Other | Sidekick
90%
Shelly de Killer / John Doe Witness / Killer
89%
Frank Sahwit Witness / Killer
88%
Diego Armando Sidekick
87%
Ema Skye Sidekick / Witness
87%
Godot Prosecutor
87%
Wendy Oldbag Witness
87%
Lana Skye Defendant
86%
Godot Prosecutor / Killer
85%
Will Powers Defendant | Witness
85%
Dahlia Hawthorne Witness / Killer
84%
Melissa Foster Witness
84%
Morgan Fey Other | Witness
82%
Lotta Hart Witness
81%
Sister Iris Defendant
78%
Damon Gant Witness / Killer
77%
Maximillion Galactica / Billy Bob Johns Defendant
77%
Misty Fey Other
77%
Bellboy Other | Witness
76%
Cindy Stone Victim
76%
Ini Miney Witness / Killer
76%
Maggey Bryde Defendant
76%
Maggey Byrde Defendant
76%
Marvin Grossberg Other | Sidekick
76%
Acro / Ken Dingling Witness / Killer
74%
Dee Vasquez Witness / Killer
74%
Yanni Yogi Witness / Killer
74%
Matt Engarde Defendant
71%
Mimi Miney Other
71%
Cody Hackins Witness
70%
Jake Marshall Witness
70%
Sal Manella Witness
70%
Adrian Andrews Other | Witness
69%
Penny Nichols Other
69%
Regina Berry Other
69%
Ron DeLite Defendant
69%
Bat / Sean Dingling Other
68%
Furio Tigre Witness / Killer
68%
Luke Atmey / Mask☆DeMasque Witness / Killer
68%
Angel Starr Witness
67%
Sister Bikini Witness
67%
Jack Hammer Victim
66%
Moe the Clown / Lawrence Curls Witness
66%
Benjamin Woodman & Trilo Quist Witness
65%
Desirée DeLite Other
65%
Neil Marshall Another Victim
65%
Polly Witness
64%
Valerie Hawthorne Victim
64%
Russell Berry Victim
63%
Bruce Goodman Victim
60%
Elise Deauxnim Victim
59%
Robert Hammond Victim
59%
Turner Grey Victim
58%
Ami Fey Other
57%
Terry Fawles Defendant
57%
Juan Corrida Victim
56%
Mike Meekins Witness
56%
Richard Wellington Witness / Killer
56%
Jean Armstrong Witness
52%
Viola Cadaverini Other
52%
Glen Elg Victim
43%
Victor Kudo Witness
43%
Doug Swallow Victim
42%
Dustin Prince Victim
41%
Bruto Cadaverini Other
39%
Lisa Basil Other
38%
Director Hotti Other
37%
Joe Darke Other
37%
Celeste Inpax Other
35%
Kane Bullard Victim
29%
No matching quizzes found
Score Distribution
Percent of People with Each Score
Percentile by Number Answered
Your Score History
You have not taken this quiz since the last reset